| 000 | 00824cab a2200265 4500 | ||
|---|---|---|---|
| 001 | ABS56305 | ||
| 008 | 090401t1996 xxu||||| |||| 00| 0 eng d | ||
| 035 | _a(Sirsi) u22712 | ||
| 041 | _aeng | ||
| 100 | _aAbbott, A. | ||
| 245 | _aTimber change | ||
| 260 | _c1996 | ||
| 350 | _a0 | ||
| 490 |
_aHouse Builder _v55(11) November/December 1996, 50-51(2) |
||
| 520 | _aExamines how British Standards for grading and using structural timber have recently been changed in a significant move towards European harmonisation and the implications for housebuilders. | ||
| 650 | _aBRITISH STANDARDS | ||
| 650 | _aBS 4978 | ||
| 650 | _aBS 5268 | ||
| 650 | _aBS EN 519 | ||
| 650 | _aGRADING | ||
| 650 | _aSTRUCTURAL TIMBER CODES | ||
| 690 | _aBUILT ENVIRONMENT-BUILDING MATERIALS | ||
| 942 | _n0 | ||
| 948 | _c04/03/1997 | ||
| 999 |
_c15226 _d15226 |
||